| 000 | 00733nam a2200205Ia 4500 | ||
|---|---|---|---|
| 003 | GCL | ||
| 008 | 140319s9999 xx 000 0 ara d | ||
| 040 |
_aGCL / _cGCL |
||
| 082 | 0 | 4 |
_a621.38 _bف ف |
| 100 | 1 | _aفاروق محمد العامرى | |
| 245 | 1 | 0 |
_aالفيديو : _bصيانة واصلاح الاعطال / _cفاروق محمد العامرى |
| 700 | 1 | _aفاروق سيد حسين | |
| 700 | 1 | _aامين فهمى | |
| 260 |
_aبيروت : _bدار الراتب الجامعية ، _c1987 |
||
| 300 |
_a242 ص ؛ _c24 سم |
||
| 490 |
_aموسوعة عالم الالكترونيات _v8 |
||
| 650 | 0 | 4 | _aهندسة الالكترونيات |
| 650 | 0 | 4 | _aالافلام التلفزيونية |
| 942 |
_2ddc _cBK |
||
| 999 |
_c53336 _d53336 |
||